书目信息 |
| 题名: |
旧纸边上
|
|
| 作者: | 薛原 著 | |
| 分册: | ||
| 出版信息: | 北京 金城出版社有限公司 2024 |
|
| 页数: | 337页 | |
| 开本: | 19cm | |
| 丛书名: | ||
| 单 册: | ||
| 中图分类: | I206.6-53 | |
| 科图分类: | ||
| 主题词: | 中国文学--现代文学--文学评论--文集 | |
| 电子资源: | ||
| ISBN: | 978-7-5155-2529-7 | |
| 000 | 00907nam0 2200241 450 | |
| 001 | 013026552 | |
| 005 | 20240717144257.0 | |
| 010 | @a978-7-5155-2529-7@b精装@dCNY68.00 | |
| 100 | @a20240717d2024 em y0chiy0120 ea | |
| 101 | 0 | @achi |
| 102 | @aCN@b110000 | |
| 105 | @ay z 000yy | |
| 106 | @ar | |
| 200 | 1 | @a旧纸边上@9jiu zhi bian shang@f薛原著 |
| 210 | @a北京@c金城出版社有限公司@d2024 | |
| 215 | @a337页@d19cm | |
| 330 | @a本书以现代文人的趣闻轶事、传奇人生为主题,在日常阅读中寻觅那些远去的现代文人的人生踪影与背景,用图书文献和书信日记里的史料材料呈现和还原那些逝去的人物风景。书中既有对汪曾祺、钟叔河、流沙河等文化名家作品的阅读赏析,也有鲁迅、闻一多、巴金、台静农等文人大家的奇闻异事。 | |
| 586 | @a | |
| 606 | 0 | @a中国文学@x现代文学@x文学评论@j文集 |
| 690 | @aI206.6-53@v5 | |
| 701 | 0 | @a薛原@9xue yuan@f(1965-)@4著 |
| 801 | 0 | @aCN@c20240726 |
| 905 | @dI206.6-53@eX973@f1@sI206.6-53/X973 | |
| 旧纸边上/薛原著.-北京:金城出版社有限公司,2024 |
| 337页;19cm |
| ISBN 978-7-5155-2529-7(精装):CNY68.00 |
| 本书以现代文人的趣闻轶事、传奇人生为主题,在日常阅读中寻觅那些远去的现代文人的人生踪影与背景,用图书文献和书信日记里的史料材料呈现和还原那些逝去的人物风景。书中既有对汪曾祺、钟叔河、流沙河等文化名家作品的阅读赏析,也有鲁迅、闻一多、巴金、台静农等文人大家的奇闻异事。 |
| ● |
| 相关链接 |
|
|
|
正题名:旧纸边上
索取号:I206.6-53/X973
 
预约/预借
| 序号 | 登录号 | 条形码 | 馆藏地/架位号 | 状态 | 备注 |
| 1 | 21619309 | 216193090 | 文学库108/ [索取号:I206.6-53/X973] |
已借出,限还日期为2025.11.29 借出人:赵明祖 |